000 00573nam a2200229Ia 4500
003 OSt
005 20220923230333.0
006 a|||||r|||| 00| 0
007 ta
008 Pun
024 _a279,552
037 _cTextual
040 _aARTS
_cARTS
_bPun
041 _2Pun
_aPun
082 _aO153,1NRA8x, M2
100 _aਰਾਹੀ, ਅਜੀਤ
245 0 _aਸਿਲੇਹਾਰ
260 _c1982
650 _aਪੰਜਾਬੀ ਸਾਹਿਤ
942 _hO153,1NRA8x, M2
_cTEXL
_2CC
999 _c384055
_d384055